|
|
|
|
| LEADER |
00000nab a2200000 a 4500 |
| 001 |
vtls000398441 |
| 003 |
SK-MaSNL |
| 005 |
20260303212338.0 |
| 008 |
111202c1987 xo 0 slo |
| 015 |
|
|
|a SNBRA19rr/mm-uuuuu
|
| 035 |
|
|
|a CL0398565
|
| 040 |
|
|
|a SNKBUCL
|b slo
|c SNKBUCL
|e AACR2
|
| 041 |
0 |
|
|a slo
|
| 044 |
|
|
|a xo
|c SK
|
| 080 |
|
|
|a 621:658.52.011.56:007.52:681.5:681.3
|2 1981
|
| 080 |
|
|
|a 658.52.011.56
|2 1981
|
| 080 |
|
|
|a 007.52
|2 1981
|
| 080 |
|
|
|a 681.5
|2 1981
|
| 080 |
|
|
|a 681.3
|2 1981
|
| 080 |
|
|
|a 621.7/.9
|2 1981
|
| 100 |
1 |
|
|a Nedorost, Juraj
|4 aut
|9 949443
|
| 245 |
1 |
0 |
|a Robotizácia - účinný nástroj efektívneho rozvoja národného hospodárstva
|c Juraj Nedorost, Magdaléna Feifičová
|
| 300 |
|
|
|b Tb. 1. Obr. 19.
|
| 650 |
0 |
7 |
|a priemyselné roboty
|2 snkbucl
|9 31851
|
| 650 |
0 |
7 |
|a priemyselné manipulátory
|2 snkbucl
|9 276642
|
| 655 |
|
7 |
|a články zo zborníkov
|2 snkbucl
|9 166140
|
| 700 |
1 |
|
|a Feifičová, Magdaléna
|4 aut
|9 344977
|
| 773 |
0 |
|
|t Elektronika v priemysle
|d Žilina : Dom techniky ČSVTS, 1987
|g S. 49-67
|
| 850 |
|
|
|a Slovenská národná knižnica v Martine
|a MTA001
|
| 852 |
|
|
|a SNK
|b KIS3GCP
|
| 958 |
|
|
|a RK
|
| 992 |
|
|
|a RZB
|
| 999 |
|
|
|c 2206813
|d 2208743
|